000 00389nam a2200157Ia 4500
008 200103s9999||||xx |||||||||||||| ||und||
020 _a9780707742359
040 _aIMU-MPC
082 _aColumn-10
100 _aAdmiralty
245 0 _aAdmiralty Sailing Directions
250 _aNP21, 11th Ed.
260 _bAdmirality Charts and Publications
_c2010
300 _axvi, 287
942 _cBK
999 _c4406
_d4406